Décimoquinta Cumbre de presidentes centroamericanos

Guardado en:
Bibliografiske detaljer
Format: Texto
Fag:
Tags: Tilføj Tag
Ingen Tags, Vær først til at tagge denne postø!

MARC

LEADER 00000 a a2200000 04500
001 5857
003
040
245 |a Décimoquinta Cumbre de presidentes centroamericanos  
650 |a REUNION  
650 |a DESARROLLO SUSTENTABLE  
650 |a INTEGRACION ECONOMICA  
650 |a INTEGRACION POLITICA  
773 |g volumen 15, número 625; páginas 8-10  
999 |c 33805  |d 33805